MARC details
| 000 -LEADER |
| fixed length control field |
00841nam a22002297a 4500 |
| 003 - CONTROL NUMBER IDENTIFIER |
| control field |
OSt |
| 005 - DATE AND TIME OF LATEST TRANSACTION |
| control field |
20260306040511.0 |
| 008 - FIXED-LENGTH DATA ELEMENTS--GENERAL INFORMATION |
| fixed length control field |
260306b |||||||| |||| 00| 0 eng d |
| 020 ## - INTERNATIONAL STANDARD BOOK NUMBER |
| International Standard Book Number |
978-621-406-420-5 |
| 040 ## - CATALOGING SOURCE |
| Original cataloging agency |
DWCL - Main Lib. |
| Transcribing agency |
OC |
| 082 ## - DEWEY DECIMAL CLASSIFICATION NUMBER |
| Classification number |
Fil. 338.479 M626 2025 |
| 100 ## - MAIN ENTRY--PERSONAL NAME |
| Personal name |
Buenaventura, John Paul G., LPT |
| 245 ## - TITLE STATEMENT |
| Title |
Micro perspective in tourism and hospitality / |
| Statement of responsibility, etc. |
John Paul G. Buenaventura, LPT [and three others] |
| 260 ## - PUBLICATION, DISTRIBUTION, ETC. |
| Place of publication, distribution, etc. |
Manila, Philippines: |
| Name of publisher, distributor, etc. |
Mindshapers, |
| Date of publication, distribution, etc. |
c2025. |
| 300 ## - PHYSICAL DESCRIPTION |
| Extent |
x, 178 pages: |
| Other physical details |
illustrations; |
| Dimensions |
25cm. |
| 504 ## - BIBLIOGRAPHY, ETC. NOTE |
| Bibliography, etc. note |
Includes bibliographical references. |
| 650 ## - SUBJECT ADDED ENTRY--TOPICAL TERM |
| Topical term or geographic name entry element |
1. Hospitality industry -- Management. |
| 700 ## - ADDED ENTRY--PERSONAL NAME |
| Personal name |
I. Marte-Lago, Elpedia M., DBM |
| 700 ## - ADDED ENTRY--PERSONAL NAME |
| Personal name |
II. Buenaventura-Gutierrez, Liberty |
| 700 ## - ADDED ENTRY--PERSONAL NAME |
| Personal name |
III. Dela Cruz, Merceditas E., MSBA-HRM, CGS |
| 942 ## - ADDED ENTRY ELEMENTS (KOHA) |
| Source of classification or shelving scheme |
Dewey Decimal Classification |
| Koha item type |
Book-Filipiniana |
| Suppress in OPAC |
No |
| 952 ## - LOCATION AND ITEM INFORMATION (KOHA) |
| -- |
|